[Event "Open Nord"]
[Site "Meyreuil"]
[Date "2011.11.25"]
[Round "3"]
[White "Corrias, Robert"]
[Black "Sempe, Pierre"]
[Result "0-1"]
[WhiteElo "1687"]
[BlackElo "1607"]
[PlyCount "124"]

1. g3 d5 2. Bg2 Nf6 3. c4 c6 4. cxd5 cxd5 5. d3 e6 6. Nf3 Be7 7. O-O O-O 8. Ne5
Qb6 9. Qb3 Qxb3 10. axb3 Nc6 11. Nxc6 bxc6 12. Nc3 a6 13. Bf4 Ra7 14. Nb1 Nd7
15. Rc1 c5 16. Nd2 e5 17. Bxe5 Nxe5 18. Bxd5 Rd8 19. Bc4 Nxc4 20. bxc4 Rb7 21.
b3 Rb4 22. Rcb1 Bf6 23. Ra2 Bb7 24. Nf1 Rb8 25. Ne3 Bc8 26. Ra3 Bd4 27. Nd5
R4b7 28. e3 Be5 29. f4 Bd6 30. Nc3 Bf8 31. Kf2 f5 32. h3 Re7 33. Rba1 Bb7 34.
Na4 Re6 35. Nc3 Rd8 36. Ke2 Rde8 37. Nd1 Bg2 38. Rxa6 Bxh3 39. Rxe6 Rxe6 40.
Nc3 Bg4+ 41. Kd2 Rh6 42. Nd5 g6 43. Kc3 Bg7+ 44. d4 Rh2 45. b4 cxd4+ 46. exd4
Rg2 47. b5 Rxg3+ 48. Kb4 Bxd4 49. b6 Rg2 50. Ra3 Rb2+ 51. Rb3 Rxb3+ 52. Kxb3
Bf3 53. b7 Ba7 54. Kb4 h5 55. Ka5 h4 56. Ka6 Bb8 57. Ne3 h3 58. Nf1 Bg2 59. Nh2
Bxf4 60. c5 Bxh2 61. Kb6 Bb8 62. c6 Bxc6 0-1

[Event "Open Nord"]
[Site "Meyreuil"]
[Date "2011.11.25"]
[Round "3"]
[White "Lucas, Jacques"]
[Black "Navarro, Bertrand"]
[Result "0-1"]
[WhiteElo "1430"]
[BlackElo "1687"]
[PlyCount "94"]

1. c4 d6 2. Nc3 g6 3. b3 Bg7 4. Bb2 Nf6 5. Nf3 O-O 6. g3 e5 7. e4 Nc6 8. Bg2
Bd7 9. d3 Qc8 10. h3 a5 11. a4 Re8 12. Ba3 b6 13. Nb5 Nb4 14. Bxb4 axb4 15. Qd2
d5 16. cxd5 Bxb5 17. O-O Bd7 18. Kh2 Bf8 19. Rfc1 Qd8 20. Qb2 Bg7 21. Rc4 Ra5
22. Rxb4 Bf8 23. Rc4 Bd6 24. Rac1 Qe7 25. R1c2 Ra7 26. Nd2 Bc8 27. Nb1 Ba6 28.
Rc6 Bxd3 29. Rd2 Bxe4 30. Bxe4 Nxe4 31. Rdc2 f5 32. f3 Nc5 33. Qc3 e4 34. Na3
Be5 35. Qc4 Bd6 36. Nb5 Rb7 37. Nxd6 cxd6 38. Qb5 exf3 39. b4 Ne4 40. Rc8 Rb8
41. Rxe8+ Rxe8 42. Qxb6 Qe5 43. Qe3 Qxg3+ 44. Kh1 Qxh3+ 45. Kg1 f2+ 46. Qxf2
Nxf2 47. Rxf2 Re1+ 0-1

[Event "Open Nord"]
[Site "Meyreuil"]
[Date "2011.11.25"]
[Round "3"]
[White "Maggio, Stephane"]
[Black "Solchaga, Jerome"]
[Result "0-1"]
[WhiteElo "1410"]
[BlackElo "1719"]
[PlyCount "72"]

1. d4 Nf6 2. Bf4 e6 3. Nf3 c5 4. h3 Nc6 5. e3 a6 6. Be2 b5 7. O-O Be7 8. Nbd2
O-O 9. c4 cxd4 10. exd4 bxc4 11. Nxc4 Nd5 12. Bh2 f5 13. Nfe5 Na5 14. a3 Nxc4
15. Nxc4 Bb7 16. Bf3 f4 17. Qd3 Rc8 18. Rfc1 a5 19. Ne5 d6 20. Qb5 dxe5 21.
Qxb7 Rb8 22. Qa6 Qb6 23. Qxb6 Rxb6 24. dxe5 Rxb2 25. Bxd5 exd5 26. Rc7 Bxa3 27.
Rd7 Bb4 28. Rxd5 Re2 29. Kf1 Re4 30. f3 Rc4 31. Bg1 Rfc8 32. Bd4 Kf7 33. Rd7+
Ke6 34. Rxg7 Rxd4 35. Rxh7 Kxe5 36. Ra2 Rc1+ 0-1

[Event "Open Nord"]
[Site "Meyreuil"]
[Date "2011.11.25"]
[Round "3"]
[White "Bellais, Nicolas"]
[Black "Marchal-Perrin, Alexandre"]
[Result "1-0"]
[WhiteElo "1499"]
[BlackElo "1399"]
[PlyCount "67"]

1. e4 d5 2. exd5 Nf6 3. Nf3 Nxd5 4. d4 Nc6 5. c4 Nf6 6. d5 Nb8 7. Nc3 a6 8. Bg5
Bf5 9. Bd3 g6 10. Bxf6 exf6 11. Bxf5 gxf5 12. O-O Qd6 13. Qd3 Nd7 14. Rfe1+ Be7
15. Nd4 Ne5 16. Qxf5 Nxc4 17. Ne4 Qd8 18. Nxf6+ Kf8 19. Nh5 Kg8 20. Qg4+ Bg5
21. h4 h6 22. Nf5 Kf8 23. Qxc4 Bxh4 24. Qxh4 Qxh4 25. Nxh4 Rd8 26. Re5 Rg8 27.
Rae1 Rg5 28. Rxg5 hxg5 29. Nf5 Rxd5 30. Re8+ Kxe8 31. Nf6+ Kf8 32. Nxd5 c6 33.
Nf6 b6 34. Kf1 1-0

[Event "Open Nord"]
[Site "Meyreuil"]
[Date "2011.11.25"]
[Round "3"]
[White "Feraud, Guillaume"]
[Black "Schoeni, Christine"]
[Result "1-0"]
[WhiteElo "1499"]
[BlackElo "1499"]
[PlyCount "33"]

1. e4 e5 2. Nf3 d6 3. c3 Ne7 4. d4 Nd7 5. Bc4 f6 6. Nh4 Nb6 7. Bb3 g6 8. f4 Bg7
9. fxe5 dxe5 10. O-O exd4 11. cxd4 Qd6 12. Bf4 Qd8 13. Nc3 g5 14. Qh5+ Kd7 15.
e5 gxf4 16. e6+ Kd6 17. Qc5# 1-0

[Event "Open Nord"]
[Site "Meyreuil"]
[Date "2011.12.16"]
[Round "4"]
[White "Jean, Nicolas"]
[Black "Noireaut, Hung"]
[Result "0-1"]
[WhiteElo "1805"]
[BlackElo "1875"]
[PlyCount "74"]

1. e4 Nf6 2. Nc3 d5 3. exd5 Nxd5 4. Bc4 Nb6 5. Bb3 Nc6 6. d3 Bf5 7. Nf3 e6 8.
O-O Be7 9. a3 O-O 10. Ne2 Bg4 11. Nd2 Nd4 12. f3 Nxb3 13. Nxb3 Bf5 14. Ng3 Bg6
15. f4 a5 16. Be3 a4 17. Nc5 Nd5 18. Bd4 b6 19. Nce4 c5 20. Bc3 Ne3 21. Qf3
Nxf1 22. Rxf1 f5 23. Nd2 b5 24. Qc6 Qd6 25. Qxb5 Be8 26. Qc4 Bc6 27. Be5 Qd5
28. Qxd5 exd5 29. Re1 g6 30. Nf3 d4 31. Nd2 Bf6 32. Bd6 Rfe8 33. Rxe8+ Rxe8 34.
Bxc5 Re1+ 35. Kf2 Rc1 36. Ne2 Rxc2 37. Nc4 Bd5 0-1

[Event "Open Nord"]
[Site "Meyreuil"]
[Date "2011.12.16"]
[Round "4"]
[White "Navarro, Bertrand"]
[Black "Joubert, Leo"]
[Result "1-0"]
[WhiteElo "1687"]
[BlackElo "1744"]
[PlyCount "108"]

1. e4 e5 2. Nf3 Nc6 3. Bc4 Bc5 4. c3 Nf6 5. d3 d6 6. Bb3 a6 7. h3 Ba7 8. Nbd2
O-O 9. Nf1 Ne7 10. Bg5 Ng6 11. Qd2 h6 12. Be3 Bxe3 13. Nxe3 Be6 14. g3 Qd7 15.
h4 Bxb3 16. axb3 Qe6 17. c4 Ne7 18. h5 c6 19. Rh4 d5 20. Nh2 dxe4 21. dxe4 Rfd8
22. Qe2 Rd7 23. Rd1 Rad8 24. Rxd7 Qxd7 25. Nhg4 Nxg4 26. Rxg4 Qd3 27. Qd1 Qxd1+
28. Nxd1 f6 29. Ke2 Kf7 30. f4 g6 31. hxg6+ Nxg6 32. f5 Ne7 33. Ne3 Rd4 34. Nc2
Rd8 35. Ne3 Rg8 36. Rxg8 Kxg8 37. c5 Kf7 38. Nc4 Nc8 39. b4 Ke7 40. Kf3 h5 41.
Kg2 Kd7 42. Kh3 Kc7 43. Kh4 b5 44. Na5 Ne7 45. Kxh5 Nd5 46. exd5 cxd5 47. Kg4
Kd7 48. Kf3 Ke7 49. Ke3 Kd7 50. Nb7 Kc6 51. Nd8+ Kd7 52. Ne6 Kc6 53. g4 Kd7 54.
g5 fxg5 1-0

[Event "Open Nord"]
[Site "Meyreuil"]
[Date "2011.12.16"]
[Round "4"]
[White "Mengus, Michel"]
[Black "Raymond, Xavier"]
[Result "1-0"]
[WhiteElo "1710"]
[BlackElo "1630"]
[PlyCount "75"]

1. e4 d6 2. d4 Nf6 3. Nc3 g6 4. Nf3 Bg7 5. Be3 O-O 6. Be2 c6 7. h3 Qc7 8. Qd2
e5 9. dxe5 dxe5 10. O-O-O Na6 11. g4 Be6 12. Ng5 Rfd8 13. Nxe6 fxe6 14. Bd3 Qa5
15. Qe2 b5 16. a3 Nc7 17. Bd2 Qb6 18. h4 Rab8 19. Nb1 b4 20. axb4 c5 21. g5 Nh5
22. Qe3 Bf8 23. Bc3 Nf4 24. Bxe5 Qxb4 25. Qxf4 Bg7 26. Bxg7 Kxg7 27. Qxc7+ Kg8
28. Qe5 Rd4 29. Qxe6+ Kf8 30. Qb3 a5 31. Qxb4 Rdxb4 32. Na3 Rxb2 33. Nc4 R2b5
34. Kd2 a4 35. Ra1 Rb4 36. Ra3 Ke7 37. Rha1 Ra8 38. c3 1-0

[Event "Open Nord"]
[Site "Meyreuil"]
[Date "2011.12.16"]
[Round "4"]
[White "Schiano-Lomoriello, Didier"]
[Black "Arthaud, Geoffrey"]
[Result "1-0"]
[WhiteElo "1710"]
[BlackElo "1580"]
[PlyCount "67"]

1. e4 c6 2. d4 d5 3. Nc3 dxe4 4. Nxe4 Bf5 5. Ng3 Bg6 6. Nf3 Nd7 7. Bd3 Ngf6 8.
O-O e6 9. Re1 Qc7 10. Bg5 Be7 11. Qd2 Bxd3 12. Qxd3 O-O-O 13. c3 h6 14. Bxf6
gxf6 15. Ne4 f5 16. Ned2 Bd6 17. Nc4 Bf4 18. g3 Rhg8 19. Kf1 Bg5 20. Nxg5 hxg5
21. Qe2 Rh8 22. Kg2 f4 23. Ne5 fxg3 24. hxg3 Nf6 25. Qf3 Rh6 26. Rh1 Rdh8 27.
Qxf6 Rxh1 28. Rxh1 Rxh1 29. Kxh1 c5 30. Qh8+ Qd8 31. Qxd8+ Kxd8 32. Nxf7+ Ke7
33. Nxg5 Kf6 34. Ne4+ 1-0

[Event "Open Nord"]
[Site "Meyreuil"]
[Date "2011.12.16"]
[Round "4"]
[White "Sempe, Pierre"]
[Black "Noireaut, Hoan"]
[Result "0-1"]
[WhiteElo "1607"]
[BlackElo "1475"]
[PlyCount "50"]

1. e4 d6 2. d4 Nf6 3. Nc3 g6 4. Bc4 Bg7 5. Nf3 O-O 6. h3 Nxe4 7. Nxe4 d5 8. Bd3
dxe4 9. Bxe4 c6 10. O-O Nd7 11. c3 Nf6 12. Bd3 b6 13. Qe2 Qc7 14. Re1 e6 15.
Bg5 Bb7 16. Rad1 Rad8 17. Bc4 c5 18. dxc5 Rxd1 19. Rxd1 Qxc5 20. Ne5 Ne4 21.
Nf3 Nxg5 22. Rd7 Bxf3 23. gxf3 Nxh3+ 24. Kh2 Nf4 25. Qe4 Qxf2+ 0-1

[Event "Open Nord"]
[Site "Meyreuil"]
[Date "2011.12.16"]
[Round "4"]
[White "Garcia, Robustiano"]
[Black "Tchifteyan, Philippe"]
[Result "0-1"]
[WhiteElo "1690"]
[BlackElo "1661"]
[PlyCount "100"]

1. d4 d5 2. c4 c6 3. Nf3 Nf6 4. Nc3 e6 5. Bg5 Be7 6. e3 O-O 7. Bd3 Nbd7 8. O-O
a6 9. a4 h6 10. Bh4 Nh7 11. Bg3 f5 12. Ne5 Nxe5 13. Bxe5 Bd6 14. Qh5 Bxe5 15.
dxe5 Qg5 16. Qxg5 hxg5 17. f4 gxf4 18. exf4 g5 19. g3 g4 20. b4 Bd7 21. a5 Rac8
22. Na4 Rc7 23. Rac1 dxc4 24. Bxc4 Kf7 25. Rfd1 Rd8 26. Nc5 Nf8 27. Rd2 Re8 28.
Rcd1 Bc8 29. Rd6 Ree7 30. Kf2 Re8 31. Rh1 Ke7 32. h4 Rd8 33. Rhd1 Re8 34. h5
Kf7 35. Na4 Rd7 36. Nc5 Rxd6 37. exd6 Nd7 38. Nxd7 Bxd7 39. Ke3 Kf6 40. Kd4 e5+
41. Kc5 exf4 42. gxf4 Re4 43. Rd4 g3 44. Rd3 Rxf4 45. Rxg3 Rg4 46. Rh3 Rg7 47.
h6 Rh7 48. Bg8 Rh8 49. h7 f4 50. Kb6 Bxh3 0-1

[Event "Open Nord"]
[Site "Meyreuil"]
[Date "2011.12.16"]
[Round "4"]
[White "Solchaga, Jerome"]
[Black "Feraud, Guillaume"]
[Result "0-1"]
[WhiteElo "1719"]
[BlackElo "1499"]
[PlyCount "90"]

1. d4 Nf6 2. c4 e6 3. Nc3 Bb4 4. Qc2 d5 5. e3 O-O 6. Nf3 Ne4 7. a3 Bxc3+ 8.
bxc3 b6 9. cxd5 exd5 10. Bd3 Re8 11. c4 Bb7 12. O-O Nd7 13. Nd2 f5 14. f3 Nxd2
15. Bxd2 g6 16. cxd5 Bxd5 17. e4 fxe4 18. fxe4 Bf7 19. Bc4 Ne5 20. dxe5 Qd4+
21. Be3 Qxc4 22. Qxc4 Bxc4 23. Rfc1 b5 24. Bd4 a5 25. Kf2 Kf7 26. Ke3 Ke6 27.
Rc2 Rf8 28. Rac1 Rad8 29. Rxc4 bxc4 30. Rxc4 Kd7 31. e6+ Kxe6 32. Rxc7 Rd7 33.
Rc5 Ra8 34. Re5+ Kf7 35. a4 Rb7 36. Bc3 Rb3 37. Kd4 Ra3 38. Rc5 Rxa4+ 39. Ke3
Ra7 40. Kf4 Ra2 41. Kf3 a4 42. Bb4 a3 43. Rc3 Ra1 44. Rc2 a2 45. Bc3 Rb1 0-1

[Event "Open Nord"]
[Site "Meyreuil"]
[Date "2011.12.16"]
[Round "4"]
[White "Schoeni, Christine"]
[Black "Lucas, Jacques"]
[Result "0-1"]
[WhiteElo "1499"]
[BlackElo "1430"]
[PlyCount "146"]

1. d4 Nf6 2. Nc3 g6 3. e3 Bg7 4. Nf3 O-O 5. Be2 d6 6. O-O a6 7. a4 Nc6 8. b3 e5
9. dxe5 Nxe5 10. Bb2 Nc6 11. e4 Nxe4 12. Nxe4 Bxb2 13. Rb1 Bg7 14. c3 Re8 15.
Bd3 d5 16. Ned2 Bxc3 17. Re1 Rxe1+ 18. Qxe1 Bg7 19. Qe2 Be6 20. Re1 Qd7 21. Ng5
Re8 22. Nxe6 Rxe6 23. Qd1 Rxe1+ 24. Qxe1 Qe6 25. Qxe6 fxe6 26. Nf3 Bf6 27. Nd2
Nb4 28. Be2 c6 29. Bg4 Kf7 30. Kf1 b5 31. a5 Bc3 32. Nf3 Kf6 33. h4 Nd3 34. Ng5
h6 35. Nh3 Ne5 36. Be2 Bxa5 37. Nf4 Bd2 38. g3 Bxf4 39. gxf4 Nf7 40. h5 g5 41.
fxg5+ Kxg5 42. Kg1 c5 43. Kg2 c4 44. bxc4 bxc4 45. Kf1 a5 46. Ke1 a4 47. Kd1
Ne5 48. Kc2 d4 49. Bd1 a3 50. Kb1 Nd3 51. Ka2 Nxf2 52. Be2 d3 53. Bf3 Kf4 54.
Bc6 d2 55. Ba4 d1=Q 56. Bxd1 Nxd1 57. Kxa3 Ke3 58. Kb4 c3 59. Kb3 Kd2 60. Kc4
c2 61. Kc5 c1=Q+ 62. Kd6 Qc4 63. Ke7 Ne3 64. Kf6 Ng4+ 65. Ke7 e5 66. Kd7 Qd5+
67. Kc7 Nf6 68. Kb6 Qc4 69. Ka5 Qb3 70. Ka6 e4 71. Ka7 e3 72. Ka6 e2 73. Ka7
e1=R 0-1

[Event "Open Nord"]
[Site "Meyreuil"]
[Date "2011.12.16"]
[Round "4"]
[White "Marchal-Perrin, Alexandre"]
[Black "Maggio, Stephane"]
[Result "0-1"]
[WhiteElo "1399"]
[BlackElo "1410"]
[PlyCount "86"]

1. e4 d5 2. exd5 Qxd5 3. Nc3 Qa5 4. Nf3 Nf6 5. d4 c6 6. Be2 Bf5 7. O-O e6 8.
Bd2 Qc7 9. h3 Bd6 10. Ne5 Nbd7 11. Bg4 Bxg4 12. hxg4 Nxe5 13. dxe5 Bxe5 14. Be3
O-O 15. g5 Bxc3 16. bxc3 Nd5 17. c4 Nxe3 18. fxe3 Qe5 19. Qd7 Qxe3+ 20. Kh1
Rad8 21. Qxb7 Rd4 22. Rf3 Rh4+ 23. Rh3 Rxh3+ 24. gxh3 Qxh3+ 25. Kg1 Qg3+ 26.
Kh1 Qh4+ 27. Kg1 Qxg5+ 28. Kh2 Qe5+ 29. Kg2 Qxa1 30. Qxc6 Qxa2 31. c5 Qxc2+ 32.
Kf3 Rd8 33. Qb7 Rd3+ 34. Kf4 Qc4+ 35. Qe4 g5+ 36. Ke5 f6+ 37. Kxf6 Qxe4 38. Ke7
Qc6 39. Kf6 h6 40. Kg6 e5+ 41. Kf5 e4 42. Ke5 Kf7 43. Kf5 Qe6# 0-1

[Event "Open Nord"]
[Site "Meyreuil"]
[Date "2012.01.06"]
[Round "5"]
[White "Noireaut, Hung"]
[Black "Mengus, Michel"]
[Result "1-0"]
[WhiteElo "1875"]
[BlackElo "1710"]
[PlyCount "105"]
[EventDate "2012.??.??"]

1. e4 c5 2. Nc3 Nc6 3. g3 g6 4. Bg2 Bg7 5. d3 d6 6. f4 e5 7. Nf3 Nge7 8. O-O
O-O 9. Be3 Nd4 10. Nd5 Nxd5 11. exd5 Bg4 12. c3 Nxf3+ 13. Bxf3 Bh3 14. Bg2 Bxg2
15. Kxg2 Qd7 16. Qf3 f5 17. Rae1 Rae8 18. fxe5 Bxe5 19. Re2 Bg7 20. Rfe1 b5 21.
Bf4 Rxe2+ 22. Qxe2 Rf7 23. Qe6 Bf8 24. Qe8 Re7 25. Qxd7 Rxd7 26. Re6 Kg7 27.
Kf3 h6 28. c4 g5 29. Bd2 b4 30. d4 Be7 31. dxc5 dxc5 32. Rc6 Bf6 33. Rxc5 Bxb2
34. Bxb4 Bd4 35. Rc6 Be5 36. Re6 g4+ 37. Ke3 Bf6 38. Kf4 Bg5+ 39. Kxf5 Rb7 40.
Bc3+ Kf7 41. Kxg4 Rc7 42. Re4 Be7 43. Kh5 Bf8 44. Bd2 Kg8 45. Bf4 Rf7 46. Re8
Kh7 47. d6 Bg7 48. c5 Rf5+ 49. Kg4 Rxc5 50. d7 h5+ 51. Kf3 Bf6 52. Be5 Bg5 53.
h4 1-0

[Event "Open Nord"]
[Site "Meyreuil"]
[Date "2012.01.06"]
[Round "5"]
[White "Noireaut, Hoan"]
[Black "Schiano-Lomoriello, Didier"]
[Result "0-1"]
[WhiteElo "1475"]
[BlackElo "1710"]
[PlyCount "66"]

1. d4 Nf6 2. Bf4 d5 3. Nf3 g6 4. e3 Bg7 5. Be2 O-O 6. Nbd2 c5 7. c3 c4 8. Ne5
Bf5 9. g4 Bc8 10. h4 Nfd7 11. Nxd7 Nxd7 12. h5 e5 13. dxe5 Nxe5 14. Rg1 Qe7 15.
Qc2 Bd7 16. O-O-O b5 17. a3 a5 18. Nb1 Bc6 19. Nd2 b4 20. Nb1 Nd7 21. Bf3 Nc5
22. Rdf1 Ba4 23. Qe2 Nd3+ 24. Kd2 Nxb2 25. axb4 axb4 26. Bxd5 bxc3+ 27. Nxc3
Bxc3+ 28. Kxc3 Qf6+ 29. Kd2 Rfd8 30. Qf3 Rxd5+ 31. Ke2 Rad8 32. e4 Bd1+ 33.
Rxd1 Rxd1 0-1

[Event "Open Nord"]
[Site "Meyreuil"]
[Date "2012.01.06"]
[Round "5"]
[White "Montanelli, Tristan"]
[Black "Joubert, Leo"]
[Result "0-1"]
[WhiteElo "1704"]
[BlackElo "1744"]
[PlyCount "122"]
[EventDate "2012.??.??"]

1. d4 d5 2. Nc3 c6 3. e4 dxe4 4. Nxe4 Nf6 5. f3 Bf5 6. Nxf6+ gxf6 7. Be3 e6 8.
Bc4 Bb4+ 9. c3 Bd6 10. Ne2 Nd7 11. g4 Bg6 12. h4 h5 13. g5 Be7 14. Rg1 fxg5 15.
Bxg5 Bxg5 16. Rxg5 Qf6 17. Qd2 Nb6 18. Bd3 Bxd3 19. Qxd3 O-O-O 20. O-O-O Rd5
21. f4 Rdd8 22. Qf3 Nd5 23. Rf1 Ne7 24. Ng3 Nf5 25. Nxh5 Qh6 26. Rh1 f6 27.
Rxf5 exf5 28. Ng3 Qg6 29. Qd3 Rdg8 30. Nxf5 Kb8 31. Qh3 Qg4 32. Qxg4 Rxg4 33.
Rf1 Rh5 34. Ne3 Rgxh4 35. Rf2 Rh2 36. Ng4 Rxf2 37. Nxf2 Rh2 38. Ne4 Rh4 39.
Nxf6 Rxf4 40. Nd7+ Kc7 41. Ne5 Rf2 42. Nd3 Rh2 43. a3 Kd6 44. Kb1 b6 45. Ka2 a5
46. Kb3 Rd2 47. Ne5 b5 48. a4 Kd5 49. c4+ bxc4+ 50. Kc3 Rxd4 51. Nd7 Rd3+ 52.
Kc2 Rh3 53. Nf6+ Kd4 54. Nd7 Rh2+ 55. Kc1 c3 56. bxc3+ Kxc3 57. Kb1 Kb3 58.
Nc5+ Kb4 59. Nd3+ Kxa4 60. Nb2+ Kb3 61. Nd1 Rh1 0-1

[Event "Open Nord"]
[Site "Meyreuil"]
[Date "2012.01.06"]
[Round "5"]
[White "Tchifteyan, Philippe"]
[Black "Corrias, Robert"]
[Result "1/2-1/2"]
[WhiteElo "1661"]
[BlackElo "1687"]
[PlyCount "123"]

1. e4 d6 2. d4 Nf6 3. Nc3 c6 4. f4 g6 5. Nf3 Bg7 6. Be3 O-O 7. h3 Nbd7 8. g4
Qc7 9. Qd2 b5 10. Bd3 a5 11. Ne2 c5 12. c3 Bb7 13. Ng3 e5 14. f5 exd4 15. cxd4
Rfe8 16. d5 c4 17. Rc1 Nc5 18. Bb1 Ncxe4 19. Nxe4 Nxe4 20. Bxe4 Rxe4 21. O-O
Rae8 22. Bd4 Bxd4+ 23. Nxd4 Qc5 24. Rcd1 Qxd5 25. Nf3 Qxd2 26. Rxd2 d5 27. Nd4
b4 28. fxg6 hxg6 29. Nb5 Re2 30. Rd4 R8e7 31. Rb1 Bc6 32. Nd6 R7e3 33. Rf4 Re7
34. Rbf1 Re1 35. g5 Rxf1+ 36. Kxf1 Bd7 37. h4 Be6 38. Ke1 Rd7 39. Nb5 d4 40.
Nxd4 c3 41. bxc3 Bxa2 42. cxb4 axb4 43. Kd2 b3 44. Kc3 Rb7 45. Rf2 Re7 46. Rh2
Re4 47. Ne2 Re7 48. Nc1 Re4 49. Kb2 Kg7 50. Nxb3 Bxb3 51. Kxb3 f6 52. gxf6+
Kxf6 53. Kc3 Kf5 54. Kd3 Ra4 55. h5 Ra3+ 56. Kd4 Ra4+ 57. Kc5 g5 58. Kd5 Rh4
59. Rxh4 gxh4 60. h6 Kg6 61. h7 Kxh7 62. Ke4 1/2-1/2

[Event "Open Nord"]
[Site "Meyreuil"]
[Date "2012.01.06"]
[Round "5"]
[White "Raymond, Xavier"]
[Black "Arthaud, Geoffrey"]
[Result "0-1"]
[WhiteElo "1630"]
[BlackElo "1580"]
[PlyCount "64"]
[EventDate "2012.??.??"]

1. e4 c6 2. d4 d5 3. Nc3 dxe4 4. Nxe4 Bf5 5. Ng3 Bg6 6. Nf3 Nd7 7. h4 h6 8. h5
Bh7 9. Bd3 Bxd3 10. Qxd3 e6 11. Bf4 Qa5+ 12. c3 Ngf6 13. O-O-O Qxa2 14. Qc2 Nd5
15. Ne2 a5 16. Kd2 Qc4 17. Ra1 N5b6 18. b3 Qb5 19. g4 Be7 20. c4 Qb4+ 21. Kd3
O-O 22. Ng3 c5 23. Bd2 Nd5 24. cxd5 Qb5+ 25. Qc4 Qb6 26. dxe6 fxe6 27. Ne5
Nxe5+ 28. dxe5 Rad8+ 29. Ke2 Rd4 30. Qc2 Qc6 31. f4 Qg2+ 32. Kd1 Rxd2+ 0-1

[Event "Open Nord"]
[Site "Meyreuil"]
[Date "2012.01.06"]
[Round "5"]
[White "Lucas, Jacques"]
[Black "Sempe, Pierre"]
[Result "0-1"]
[WhiteElo "1430"]
[BlackElo "1607"]
[PlyCount "46"]
[EventDate "2012.??.??"]

1. c4 Nf6 2. Nc3 e6 3. d4 d5 4. c5 b6 5. b4 a5 6. Ba3 Nc6 7. Rb1 axb4 8. Bxb4
Nxb4 9. Rxb4 bxc5 10. dxc5 Bxc5 11. Ra4 Rxa4 12. Qxa4+ Bd7 13. Qa5 Qe7 14. Qa8+
Qd8 15. Qxd8+ Kxd8 16. Nf3 Bb4 17. Kd2 Ne4+ 18. Kc2 Bxc3 19. Kb3 Ke7 20. e3
Rb8+ 21. Kc2 Ba4+ 22. Kc1 Bb2+ 23. Kb1 Nc3# 0-1

[Event "Open Nord"]
[Site "Meyreuil"]
[Date "2012.01.06"]
[Round "5"]
[White "Feraud, Guillaume"]
[Black "Maggio, Stephane"]
[Result "1-0"]
[WhiteElo "1499"]
[BlackElo "1410"]
[PlyCount "103"]
[EventDate "2012.??.??"]

1. Nf3 c5 2. c4 g6 3. Nc3 Bg7 4. g3 Nc6 5. Bg2 Nf6 6. e4 d6 7. d3 O-O 8. h3 Nd7
9. O-O Nde5 10. Nxe5 Bxe5 11. f4 Bg7 12. Be3 Nd4 13. Qd2 a6 14. Kh2 Rb8 15. Rf2
b5 16. Raf1 b4 17. Ne2 Nxe2 18. Qxe2 Bb7 19. g4 e6 20. Qd2 a5 21. d4 Bxd4 22.
Bxd4 cxd4 23. Qxd4 Qc7 24. Rd1 Ba6 25. b3 Rbd8 26. Rfd2 Rd7 27. e5 d5 28. cxd5
exd5 29. Bxd5 Bb7 30. Qc4 Bxd5 31. Qxc7 Rxc7 32. Rxd5 Rc2+ 33. R1d2 Rfc8 34.
Kg3 R8c3+ 35. Kh4 Rxd2 36. Rxd2 Kg7 37. Rd7 Rc6 38. Ra7 h6 39. Rxa5 Rb6 40. Ra7
Kf8 41. Kg3 f6 42. exf6 Rxf6 43. Rb7 Ra6 44. Rxb4 Rxa2 45. Rb7 Kg8 46. b4 Rb2
47. f5 gxf5 48. gxf5 Rb3+ 49. Kg4 Kh8 50. h4 Rb1 51. Kh5 Rh1 52. Kg6 1-0

[Event "Open Nord"]
[Site "Meyreuil"]
[Date "2012.01.06"]
[Round "5"]
[White "Bellais, Nicolas"]
[Black "Scamaroni, Jean-Paul"]
[Result "1/2-1/2"]
[WhiteElo "1499"]
[BlackElo "1669"]
[PlyCount "103"]
[EventDate "2012.??.??"]

1. e4 c5 2. c3 d5 3. e5 d4 4. Nf3 d3 5. Qa4+ Nc6 6. Qc4 Bf5 7. e6 Bxe6 8. Qxd3
Qxd3 9. Bxd3 Nf6 10. O-O g6 11. Bb5 Bd7 12. Rd1 a6 13. Be2 Bg7 14. Na3 b5 15.
Nc2 O-O 16. d4 Bf5 17. Ne3 Be4 18. dxc5 Rfd8 19. Nd4 e5 20. Nxc6 Rxd1+ 21. Nxd1
Bxc6 22. f3 a5 23. b4 axb4 24. cxb4 Nd5 25. a3 Nxb4 26. Bb2 Nc2 27. Rb1 e4 28.
Bxg7 Kxg7 29. Bxb5 Bxb5 30. Rxb5 Nxa3 31. Rb3 exf3 32. Rxf3 Nc4 33. Kf2 Rc8 34.
Rc3 Rxc5 35. Ne3 Ne5 36. Rxc5 Nd3+ 37. Kf3 Nxc5 38. g4 f6 39. h4 h6 40. Ng2 Ne6
41. Ne3 Kf7 42. Nd5 Nd4+ 43. Ke4 Nc6 44. Nf4 Ne5 45. g5 Ng4 46. gxf6 Nxf6+ 47.
Kf3 g5 48. hxg5 hxg5 49. Kg3 Ne4+ 50. Kf3 Nd2+ 51. Kg4 Kf6 52. Ne6 1/2-1/2

[Event "Open Nord"]
[Site "Meyreuil"]
[Date "2012.01.06"]
[Round "5"]
[White "Garcia, Robustiano"]
[Black "Solchaga, Jerome"]
[Result "0-1"]
[WhiteElo "1690"]
[BlackElo "1719"]
[PlyCount "84"]

1. d4 Nf6 2. c4 e6 3. Nc3 Bb4 4. Qc2 d5 5. cxd5 Nxd5 6. e4 Nxc3 7. bxc3 Be7 8.
Nf3 O-O 9. Bd3 c5 10. O-O Nc6 11. Be3 cxd4 12. cxd4 Nb4 13. Qb3 Nxd3 14. Qxd3
Qa5 15. Rfc1 Bd7 16. Bd2 Qa4 17. Qc4 Rac8 18. Qxa4 Bxa4 19. Rxc8 Rxc8 20. Rc1
Rxc1+ 21. Bxc1 Bc2 22. e5 Bb4 23. g3 Bc3 24. Bd2 Bb2 25. Bb4 Bb1 26. a4 Be4 27.
Nd2 Bd5 28. Kf1 Bxd4 29. f4 f6 30. Bd6 Kf7 31. Ke2 fxe5 32. Bxe5 Bxe5 33. fxe5
Kg6 34. Kd3 Kf5 35. Kd4 Kg4 36. Kc5 Kh3 37. Nb1 Kxh2 38. Nc3 Bb3 39. Nb5 Kxg3
40. Kd6 h5 41. Nc7 h4 42. Nxe6 h3 0-1

[Event "Open Nord"]
[Site "Meyreuil"]
[Date "2012.01.06"]
[Round "5"]
[White "Marchal-Perrin, Alexandre"]
[Black "Schoeni, Christine"]
[Result "1-0"]
[WhiteElo "1399"]
[BlackElo "1499"]
[PlyCount "103"]

1. e4 e5 2. Nf3 d6 3. Nc3 Nf6 4. h3 Nc6 5. d4 Be7 6. Bb5 Bd7 7. Bxc6 Bxc6 8. d5
Bd7 9. O-O O-O 10. Re1 c6 11. Nh4 Ne8 12. Nf3 c5 13. Nd2 b5 14. a3 Nf6 15. Qf3
c4 16. a4 Qc8 17. axb5 Bd8 18. b3 cxb3 19. Nxb3 Bb6 20. Bg5 Qd8 21. Bxf6 Qxf6
22. Qxf6 gxf6 23. Reb1 f5 24. Nd2 f4 25. Nc4 Bc5 26. Na4 Bd4 27. c3 Bc5 28.
Nxc5 dxc5 29. Nd6 f6 30. f3 Kh8 31. c4 h6 32. Nb7 Rg8 33. Kh2 Rgc8 34. Ra6 Kg7
35. Rba1 Rc7 36. Rxa7 Rxa7 37. Rxa7 Bc8 38. b6 Rxb7 39. Rxb7+ Bxb7 40. Kg1 Kf7
41. Kf2 Ke7 42. g3 Kd7 43. gxf4 Ke7 44. Ke2 exf4 45. Kd3 Kd6 46. Kc3 Ke5 47.
Kb3 Kd4 48. Ka4 Kxc4 49. d6 Bc6+ 50. Ka5 Bb7 51. d7 Bc6 52. d8=Q 1-0

[Event "Open Nord"]
[Site "Meyreuil"]
[Date "2012.01.27"]
[Round "6"]
[White "Joubert, Leo"]
[Black "Noireaut, Hung"]
[Result "1-0"]
[WhiteElo "1722"]
[BlackElo "1880"]
[PlyCount "51"]

1. d4 d5 2. c4 e6 3. cxd5 exd5 4. Nc3 c6 5. Qc2 Bd6 6. Nf3 Ne7 7. Bg5 f6 8. Bh4
Bf5 9. Qd2 Be4 10. e3 O-O 11. Bd3 f5 12. Bg3 Ng6 13. Rb1 f4 14. exf4 Bxf4 15.
Qd1 Bxf3 16. gxf3 Nh4 17. O-O Qg5 18. Kh1 Nd7 19. Rg1 Qh5 20. Be2 Rf6 21. Bxf4
Rxf4 22. Rg4 Raf8 23. Qg1 g6 24. Qg3 Rxf3 25. Bxf3 Rxf3 26. Qxh4 1-0

[Event "Open Nord"]
[Site "Meyreuil"]
[Date "2012.01.27"]
[Round "6"]
[White "Schiano-Lomoriello, Didier"]
[Black "Jean, Nicolas"]
[Result "0-1"]
[WhiteElo "1710"]
[BlackElo "1814"]
[PlyCount "96"]

1. e4 e5 2. Nf3 Nc6 3. Bb5 a6 4. Ba4 Nf6 5. O-O Be7 6. Re1 b5 7. Bb3 d6 8. c3
O-O 9. h3 Bb7 10. d4 Re8 11. Nbd2 Bf8 12. a4 h6 13. Bc2 exd4 14. cxd4 Nb4 15.
Bb1 c5 16. d5 g6 17. Ra3 Bg7 18. Nf1 Nd7 19. Bd2 Bxb2 20. Rb3 Bg7 21. Bxb4 cxb4
22. axb5 a5 23. Nd4 Qb6 24. Rd3 Ne5 25. Rg3 Qxd4 26. Qxd4 Nf3+ 27. Rxf3 Bxd4
28. Rd1 Be5 29. Ne3 Rec8 30. Ng4 Bg7 31. Nf6+ Kh8 32. Nd7 Rc7 33. Nb6 Rb8 34.
Ba2 Ba6 35. Nc4 Bxb5 36. Nxd6 Be2 37. Rxf7 Bxd1 38. Rxc7 a4 39. e5 b3 40. Nf7+
Kg8 41. Bb1 a3 42. d6 a2 43. Bxa2 bxa2 44. Ra7 Bb3 45. Nxh6+ Bxh6 46. d7 Bd5
47. Ra5 Rb1+ 48. Kh2 Bf4+ 0-1

[Event "Open Nord"]
[Site "Meyreuil"]
[Date "2012.01.27"]
[Round "6"]
[White "Mengus, Michel"]
[Black "Feraud, Guillaume"]
[Result "0-1"]
[WhiteElo "1640"]
[BlackElo "1730"]
[PlyCount "89"]

1. e4 c5 2. Nc3 e6 3. g3 d5 4. Bg2 Nf6 5. d3 Nc6 6. Nge2 Be7 7. O-O O-O 8. f4
a6 9. a3 b5 10. Kh1 Bb7 11. Qe1 Rc8 12. Nd1 dxe4 13. dxe4 Nd4 14. Nxd4 cxd4 15.
c3 Bc5 16. Bd2 e5 17. f5 Nd7 18. Nf2 Ba7 19. Rd1 Qb6 20. Nd3 a5 21. cxd4 exd4
22. Bxa5 Qf6 23. Qe2 Rfe8 24. Rc1 Ne5 25. Rxc8 Rxc8 26. Nxe5 Qxe5 27. Qd3 Qc5
28. Bd2 Qc4 29. Qf3 Qc2 30. Bb4 Qxb2 31. Qd3 Rc4 32. h4 f6 33. h5 Qc2 34. Qxc2
Rxc2 35. Re1 Kf7 36. Kh2 d3 37. Rd1 Bxe4 38. Kh3 Bxg2+ 39. Kh4 Bf3 40. Rd2 Rxd2
41. Bxd2 Bc5 42. Bc1 Bxa3 43. Bd2 b4 44. g4 b3 45. Bc3 0-1